Candle making.

Bibliographic Details
Main Author: McLaughlin, Terence
Format: Book
Language:English
Published: New York : Drake Publishers, [1974]
Series:Pelham craft books.
Subjects:

MARC

Tag First Indicator Second Indicator Subfields
LEADER 00000cam a2200000 4500
001 in00000094350
005 20150927110434.0
008 740322c19741973nyua 00100 eng
010 |a  73010903  
020 |a 0877495610  |c $6.95 
035 |a (OCoLC)00865942 
035 |9 AAL6215AM 
040 |a DLC  |c DLC  |d TXA  |d UtOrBLW 
049 |a TXAM  |c [718236] 
050 0 0 |a TT896.5  |b .M34 1974 
082 0 |a 745.59/3 
100 1 |a McLaughlin, Terence. 
245 1 0 |a Candle making. 
264 1 |a New York :  |b Drake Publishers,  |c [1974] 
264 4 |c [©1973] 
300 |a 93 pages :  |b illustrations ;  |c 26 cm. 
336 |a text  |b txt  |2 rdacontent 
337 |a unmediated  |b n  |2 rdamedia 
338 |a volume  |b nc  |2 rdacarrier 
490 1 |a Pelham craft books 
650 0 |a Candlemaking. 
830 0 |a Pelham craft books. 
999 |a MARS 
999 f f |s 22435160-64c7-35d2-b899-8c845bf3c572  |i 510d35c8-3fdb-37a2-a3eb-7be806ccbdd1  |t 0 
952 f f |p normal  |a Texas A&M University  |b College Station  |c Sterling C. Evans Library  |s Evans stk  |d Evans: Library Stacks  |t 0  |e TT896.5 .M34 1974  |h Library of Congress classification  |i unmediated -- volume  |m A14805667121 
998 f f |a TT896.5 .M34 1974  |t 0  |l Evans: Library Stacks